000 00515nam a2200181Ia 4500
001 16924
005 20260306170347.0
008 260306t2014||||xx |||||||||||||| ||und||
041 _aESP
082 _a657.3
_bI61J P. A
100 _aInternational Financial Reporting Standards
_eAUT
245 2 _aA guide through International Financial Reporting Standards:
_bas issued at 1 July 2014
260 _c2014
300 _aA1612 páginas :
_c25 cm.
650 _aGEN
654 _aCCO
942 _cLIB
_dJUS
_fJUS
_2ddc
_n
999 _c16924
_d16924